|
|
|
|
| LEADER |
00000nab a2200000 a 4500 |
| 001 |
vtls000604887 |
| 003 |
SK-MaSNL |
| 005 |
20260303014036.0 |
| 008 |
160324c1996 xo 0 slo |
| 015 |
|
|
|a SNBRB19rr/mm-uuuuu
|
| 035 |
|
|
|a CL0605026
|
| 040 |
|
|
|a SNKBUCL
|b slo
|c SNKBUCL
|e AACR2
|
| 041 |
0 |
|
|a slo
|
| 044 |
|
|
|a xo
|c SK
|
| 080 |
|
|
|a 323(437.1/.2):324437.1/.2
|2 1981
|
| 080 |
|
|
|a 324
|2 1981
|
| 080 |
|
|
|a 437.1/.2
|2 1981
|
| 080 |
|
|
|a 342.531(437.1/.2)
|2 1981
|
| 100 |
1 |
|
|a Krno, Svetozár,
|d 1955-
|4 aut
|9 85815
|
| 245 |
1 |
0 |
|a Zľakli sa dominancie jednej strany
|c Svetozár Krno
|
| 300 |
|
|
|b Fotogr. 1
|
| 650 |
0 |
7 |
|a vnútorná politika
|2 snkbucl
|9 970
|
| 650 |
0 |
7 |
|a Česká republika
|2 snkbucl
|9 894061
|
| 650 |
0 |
7 |
|a senátne voľby
|2 snkbucl
|9 1624
|
| 655 |
|
7 |
|a články z novín a časopisov
|2 snkbucl
|9 267496
|
| 773 |
0 |
|
|t Pravda
|g Roč. 6, č. 279 (29. 11. 1996), s. 7
|
| 850 |
|
|
|a Slovenská národná knižnica v Martine
|a MTA001
|
| 852 |
|
|
|a SNK
|b KIS3GCP
|
| 958 |
|
|
|a CZ
|
| 958 |
|
|
|a RK
|
| 958 |
|
|
|a RBX
|
| 999 |
|
|
|c 1605723
|d 1607653
|